书目信息 |
| 题名: |
兴安落叶松天然林碳密度与碳平衡研究
|
|
| 作者: | 王飞 , 张秋良 著 | |
| 分册: | ||
| 出版信息: | 北京 中国林业出版社 2021.6 |
|
| 页数: | 118页 | |
| 开本: | 25cm | |
| 丛书名: | ||
| 单 册: | ||
| 中图分类: | S791.222 | |
| 科图分类: | ||
| 主题词: | 落叶松--天然林--碳循环--研究--大兴安岭地区 | |
| 电子资源: | ||
| ISBN: | 978-7-5038-8037-7 | |
| 000 | 01059nam0 2200265 45 | |
| 001 | 012001000476 | |
| 005 | 20130911145439.0 | |
| 010 | @a978-7-5038-8037-7@dCNY38.00 | |
| 090 | @aS791@bwf | |
| 096 | @aS791@bwf | |
| 100 | @a20160922d2015 em y0chiy50 ea | |
| 101 | 0 | @achi |
| 102 | @aCN@b110000 | |
| 105 | @ay z 000yy | |
| 106 | @ar | |
| 200 | 1 | @a兴安落叶松天然林碳密度与碳平衡研究@Axing an luo ye song tian ran lin tan mi du yu tan ping heng yan jiu@f王飞,张秋良著 |
| 210 | @a北京@c中国林业出版社@d2021.6 | |
| 215 | @a118页@d25cm | |
| 330 | @a本书以兴安落叶松天然林为研究对象,分别龄组通过测定乔木层、林下植被层生物量、凋落物现存量及其各组分的含碳率,计算了不同龄组的碳密度和年固定量及其分配格局,测定了土壤呼吸,估算出土壤呼吸年释放量,量化了不同龄组兴安落叶松天然林的碳源/汇能力。 | |
| 606 | 0 | @a落叶松@x天然林@x碳循环@x研究@y大兴安岭地区 |
| 690 | @aS791.222@v5 | |
| 701 | 0 | @a王飞@Awang fei@c(女,@f1980~)@4著 |
| 701 | 0 | @a张秋良@Azhang qiu liang@f(1960.7~)@4著 |
| 801 | 0 | @aCN@bBJSDL@c20211011 |
| 905 | @b1335306-9@dS791.222@e157@f4 | |
| 兴安落叶松天然林碳密度与碳平衡研究/王飞,张秋良著.-北京:中国林业出版社,2021.6 |
| 118页;25cm |
| ISBN 978-7-5038-8037-7:CNY38.00 |
| 本书以兴安落叶松天然林为研究对象,分别龄组通过测定乔木层、林下植被层生物量、凋落物现存量及其各组分的含碳率,计算了不同龄组的碳密度和年固定量及其分配格局,测定了土壤呼吸,估算出土壤呼吸年释放量,量化了不同龄组兴安落叶松天然林的碳源/汇能力。 |
| ● |
| 相关链接 |
|
|
|
|
正题名:兴安落叶松天然林碳密度与碳平衡研究
索取号:S791.222/157
 
预约/预借
| 序号 | 登录号 | 条形码 | 馆藏地/架位号 | 状态 | 备注 |
| 1 | 1335306 | 213353066 | 第二样本阅览室/ [索取号:S791.222/157] | 在馆 | |
| 2 | 1335307 | 213353075 | 第三借阅区/ [索取号:S791.222/157] | 在馆 | |
| 3 | 1335308 | 213353084 | 第三借阅区/ [索取号:S791.222/157] | 在馆 | |
| 4 | 1335309 | 213353093 | 第三借阅区/ [索取号:S791.222/157] | 在馆 |